000 00959nam a2200217Ia 4500
003 Ost
005 20260507075655.0
008 260507s9999||||xx |||||||||||||| ||und||
040 _cfsecg
041 _aara
082 _a658.3
100 _aمحمد اسماعيل، بلال
_eمؤلف
245 0 _aإدارة الموارد البشرية /
_c بلال محمد اسماعيل
260 _aالاسكندرية:
_bدار الجامعة الجديدة,
_c2004
300 _a395 صفحة؛
_bإيضاحات ؛
_c24 سم
504 _aالمراجع ص.381
520 _aمفاهيم أساسية، تخطيط الموارد البشرية، الاستقطاب، الانتقاء، الاتصال والتدريب، التطوير التنظيمي، تحفيز الموارد البشرية، التفاوض، الابداع والابتكار.
653 _aإدارة الأفراد
653 _aالموارد البشرية
942 _cكتاب
999 _c45678
_d45678